Fundamentals of integrated circuits (Record no. 3311)

MARC details
000 -LEADER
fixed length control field 00554nam a2200181Ia 4500
003 - CONTROL NUMBER IDENTIFIER
control field IN-BaIIA
008 - FIXED-LENGTH DATA ELEMENTS--GENERAL INFORMATION
fixed length control field 211028s9999 xx 000 0 eng d
040 ## - CATALOGING SOURCE
Transcribing agency IIA Library
080 ## - UNIVERSAL DECIMAL CLASSIFICATION NUMBER
Universal Decimal Classification number 621.3.04
Item number STE
100 ## - MAIN ENTRY--PERSONAL NAME
Personal name Stern, Lothar
9 (RLIN) 5891
245 #0 - TITLE STATEMENT
Title Fundamentals of integrated circuits
Statement of responsibility, etc. Lothar Stern
260 ## - PUBLICATION, DISTRIBUTION, ETC.
Place of publication, distribution, etc. New York
Name of publisher, distributor, etc. Hayden Book
Date of publication, distribution, etc. 1968
300 ## - PHYSICAL DESCRIPTION
Extent x, 198p.
490 ## - SERIES STATEMENT
Series statement Motorola series in solid-state electronics
650 ## - SUBJECT ADDED ENTRY--TOPICAL TERM
Topical term or geographic name entry element Integrated circuits
9 (RLIN) 3314
650 ## - SUBJECT ADDED ENTRY--TOPICAL TERM
Topical term or geographic name entry element NASA Thesaurus
942 ## - ADDED ENTRY ELEMENTS (KOHA)
Koha item type Books
Holdings
Withdrawn status Lost status Damaged status Not for loan Home library Current library Shelving location Date acquired Cost, normal purchase price Total Checkouts Full call number Barcode Date last seen Cost, replacement price Price effective from Koha item type Purchase Price
        IIA Library-Bangalore IIA Library-Bangalore General Stacks 22/10/1969 73.83   621.3.04/ STE 3677 05/11/2021 73.83 22/10/1969 Books Rs. 73.83

Powered by Koha